000 00598nam a2200217 a 4500
001 13083
003 CO-ViMGA
008 141112s2004 ck r 000 u spa d
020 _a9586390365
040 _aCO-ViMGA
_bspa
_cCO-ViMGA
082 0 4 _a338.54 B17g
100 1 _aBatra, Ravi
_949683
245 1 0 _aLa Gran Depresión de 1990 :
_bQue ocurrirá y comó proteger su economía
260 _aBogotá :
_bGrijalbo,
_c1988
300 _a225p.
590 _aForma de adquisición : Corpes
650 1 4 _a1990
_919151
650 1 4 _aCRISIS ECONOMICA
_950709
650 1 4 _aTEORIAS
942 _2ddc
_cBK
999 _c23913
_d23913